R.A. Nelson's Indian Penal Code / (Record no. 136869)
[ view plain ]
| 000 -LEADER | |
|---|---|
| fixed length control field | 00805nam a2200229 4500 |
| 010 ## - LIBRARY OF CONGRESS CONTROL NUMBER | |
| LC control number | B-110391 |
| 020 ## - INTERNATIONAL STANDARD BOOK NUMBER | |
| International Standard Book Number | 8180380130 |
| 035 ## - SYSTEM CONTROL NUMBER | |
| System control number | B-110391 |
| 037 ## - SOURCE OF ACQUISITION | |
| Source of stock number/acquisition | Cen Lib / Ret |
| 040 ## - CATALOGING SOURCE | |
| Original cataloging agency | DPL |
| Language of cataloging | EN |
| 082 ## - DEWEY DECIMAL CLASSIFICATION NUMBER | |
| Classification number | 345.54 |
| Item number | SAR |
| 100 ## - MAIN ENTRY--PERSONAL NAME | |
| Personal name | Sarvaria, S. K. |
| 245 ## - TITLE STATEMENT | |
| Title | R.A. Nelson's Indian Penal Code / |
| Statement of responsibility, etc | by S. K, Sarvaria |
| 250 ## - EDITION STATEMENT | |
| Edition statement | 9th ed |
| 260 ## - PUBLICATION, DISTRIBUTION, ETC. (IMPRINT) | |
| Place of publication, distribution, etc | New Delhi |
| Name of publisher, distributor, etc | LexisNexis Butterworths |
| Date of publication, distribution, etc | 2003 |
| 270 ## - ADDRESS | |
| Address | C-38A, First Floor Gali no. 13 |
| City | Delhi |
| Postal code | 110092 |
| 300 ## - PHYSICAL DESCRIPTION | |
| Extent | (v 1. lxxxviii, 1466 ; v 2. lxxii, 1467-2614p) |
| Dimensions | 27cm(Hb) |
| 505 ## - FORMATTED CONTENTS NOTE | |
| Formatted contents note | 4 v ; v 1. Sections 1-160 ; v 2. Sections 161-298; v. 3. Sections 299-377(not available) ; v 4. Sections 378-511.(not available) |
| 650 ## - SUBJECT ADDED ENTRY--TOPICAL TERM | |
| Topical term or geographic name as entry element | Criminal law -- India. |
| 650 ## - SUBJECT ADDED ENTRY--TOPICAL TERM | |
| Topical term or geographic name as entry element | Criminal law. |
| 942 ## - ADDED ENTRY ELEMENTS (KOHA) | |
| Source of classification or shelving scheme | Dewey Decimal Classification |
| Koha item type | English Books |
| Classification part | 345.54 |
| Call number suffix | SAR |
| Withdrawn status | Lost status | Source of classification or shelving scheme | Materials specified (bound volume or other part) | Damaged status | Not for loan | Home library | Current library | Date acquired | Source of acquisition | Total Checkouts | Full call number | Barcode | Date last seen | Copy number | Price effective from | Koha item type |
|---|---|---|---|---|---|---|---|---|---|---|---|---|---|---|---|---|
| Dewey Decimal Classification | v 1 | Central Library | Central Library | 11/03/2016 | Cen Lib/Ret | 345.54 SAR | B-110391 | 11/03/2016 | 1 | 11/03/2016 | English Books | |||||
| v 2 | Central Library | Central Library | 21/03/2016 | Cen Lib/Ret | 345.54 SAR | B-110392 | 21/03/2016 | 1 | 21/03/2016 | English Books |
